000
00295nam a2200133Ia 4500
008
190216s9999||||xx |||||||||||||| ||und||
100
_a
Murukesan. R
245
0
_a
Modern Physics
250
_a
5st Ed.
260
_b
Sulthan Chand &co
_c
1997
300
_a
514
650
_a
Physics
942
_c
BK
999
_c
33345
_d
33345